LEADER 00905nam0-22003371i-450- 001 990004457650403321 005 20110111135608.0 035 $a000445765 035 $aFED01000445765 035 $a(Aleph)000445765FED01 035 $a000445765 100 $a19990604d1916----km-y0itay50------ba 101 0 $aita 102 $aIT 105 $ay-------001yy 200 1 $a<>processo di Gesł$fGiovanni Rosadi 205 $a11a ed. 210 $aFirenze$cG. C. Sansoni$d1916 215 $aXVIII, 443 p.$d18 cm 610 0 $aGesu Cristo$aProcesso 676 $a232.962$v21$zita 700 1$aRosadi,$bGiovanni$0177809 801 0$aIT$bUNINA$gRICA$2UNIMARC 901 $aBK 912 $a990004457650403321 952 $a232.962 ROS 1 (11. ed.)$bBIBL. 8041$fFLFBC 952 $aXVII 431$b30055$fFGBC 959 $aFLFBC 959 $aFGBC 996 $aProcesso di Gesł$9544103 997 $aUNINA LEADER 01776oam 2200469M 450 001 9910716387903321 005 20200213070543.1 035 $a(CKB)5470000002520253 035 $a(OCoLC)1065861248 035 $a(OCoLC)995470000002520253 035 $a(EXLCZ)995470000002520253 100 $a20071213d1926 ua 0 101 0 $aeng 135 $aurcn||||||||| 181 $ctxt$2rdacontent 182 $cc$2rdamedia 183 $acr$2rdacarrier 200 10$aPrinting of Supreme Court reports. February 18, 1926. -- Committed to the Committee of the Whole House on the State of the Union and ordered to be printed 210 1$a[Washington, D.C.] :$c[U.S. Government Printing Office],$d1926. 215 $a1 online resource (2 pages) 225 1 $aHouse report / 69th Congress, 1st session. House ;$vno. 318 225 1 $a[United States congressional serial set ] ;$v[serial no. 8531] 300 $aBatch processed record: Metadata reviewed, not verified. Some fields updated by batch processes. 300 $aFDLP item number not assigned. 606 $aCourt records 606 $aGovernment publications 606 $aLegislative amendments 606 $aPrinting 608 $aLegislative materials.$2lcgft 615 0$aCourt records. 615 0$aGovernment publications. 615 0$aLegislative amendments. 615 0$aPrinting. 701 $aGraham$b George Scott$f1850-1931$pRepublican (PA)$01386798 801 0$bWYU 801 1$bWYU 801 2$bOCLCO 801 2$bOCLCQ 906 $aBOOK 912 $a9910716387903321 996 $aPrinting of Supreme Court reports. February 18, 1926. -- Committed to the Committee of the Whole House on the State of the Union and ordered to be printed$93448225 997 $aUNINA